000 00280nam a2200109Ia 4500
005 20251222153525.0
008 251222s9999||||xx |||||||||||||| ||spa||
082 _a940.53/F55/T.4
100 _aFitz Gibbon, Constantine
245 0 _aAsí fue la Segunda Guerra Mundial
942 _cLIB
999 _c29856
_d29856